opac header image

Supersymmetric quantum mechanics : (Record no. 36787)

MARC details
000 -LEADER
fixed length control field 01405 a2200277 4500
003 - CONTROL NUMBER IDENTIFIER
control field NISER
005 - DATE AND TIME OF LATEST TRANSACTION
control field 20260122153003.0
008 - FIXED-LENGTH DATA ELEMENTS--GENERAL INFORMATION
fixed length control field 260121b |||||||| |||| 00| 0 hin d
020 ## - INTERNATIONAL STANDARD BOOK NUMBER
International Standard Book Number 9789813221048
Qualifying information Paperback
040 ## - CATALOGING SOURCE
Original cataloging agency NISER LIBRARY
Language of cataloging eng
Transcribing agency NISER LIBRARY
082 04 - DEWEY DECIMAL CLASSIFICATION NUMBER
Classification number 530.145
Item number GAN-S
100 1# - MAIN ENTRY--PERSONAL NAME
Personal name Gangopadhyaya, Asim
245 10 - TITLE STATEMENT
Title Supersymmetric quantum mechanics :
Remainder of title an introduction
250 ## - EDITION STATEMENT
Edition statement 2nd edition
260 ## - PUBLICATION, DISTRIBUTION, ETC. (IMPRINT)
Place of publication, distribution, etc. New Jersey :
Name of publisher, distributor, etc. World Scientific,
Date of publication, distribution, etc. 2018.
300 ## - PHYSICAL DESCRIPTION
Extent xii, 281 pages :
Other physical details illustrations ;
Dimensions 24 cm.
504 ## - BIBLIOGRAPHY, ETC. NOTE
Bibliography, etc Includes bibliographical references and index.
520 ## - SUMMARY, ETC.
Summary, etc. We have written this book in order to provide a single compact source for undergraduate and graduate students, as well as for professional physicists who want to understand the essentials of supersymmetric quantum mechanics. It is an outgrowth of a seminar course taught to physics and mathematics juniors and seniors at Loyola University Chicago, and of our own research over a quarter of a century.
650 #0 - SUBJECT ADDED ENTRY--TOPICAL TERM
Topical term or geographic name as entry element Supersymmetry
650 #0 - SUBJECT ADDED ENTRY--TOPICAL TERM
Topical term or geographic name as entry element Quantum theory
700 1# - ADDED ENTRY--PERSONAL NAME
Personal name Mallow, Jeffry
700 1# - ADDED ENTRY--PERSONAL NAME
Personal name Rasinariu, Constantin
856 41 - ELECTRONIC LOCATION AND ACCESS
Materials specified Table of contents
Uniform Resource Identifier <a href="https://www.worldscientific.com/doi/reader/10.1142/9789813221055_fmatter">https://www.worldscientific.com/doi/reader/10.1142/9789813221055_fmatter</a>
856 41 - ELECTRONIC LOCATION AND ACCESS
Materials specified Reviews
Uniform Resource Identifier <a href="https://www.goodreads.com/book/show/38919702-supersymmetric-quantum-mechanics?ref=nav_sb_ss_1_13#CommunityReviews">https://www.goodreads.com/book/show/38919702-supersymmetric-quantum-mechanics?ref=nav_sb_ss_1_13#CommunityReviews</a>
942 ## - ADDED ENTRY ELEMENTS (KOHA)
Koha item type Book
Source of classification or shelving scheme Universal Decimal Classification
Holdings
Withdrawn status Lost status Source of classification or shelving scheme Damaged status Not for loan Home library Current library Date acquired Source of acquisition Cost, normal purchase price Total Checkouts Full call number Barcode Date last seen Cost, replacement price Price effective from Koha item type
    Universal Decimal Classification     NISER LIBRARY NISER LIBRARY 21/01/2026 28 3246.48   530.145 GAN-S 26440 21/01/2026 4328.64 21/01/2026 Book